<?xml version="1.0" encoding="UTF-8"?>
<record
    xmlns:xsi="http://www.w3.org/2001/XMLSchema-instance"
    xsi:schemaLocation="http://www.loc.gov/MARC21/slim http://www.loc.gov/standards/marcxml/schema/MARC21slim.xsd"
    xmlns="http://www.loc.gov/MARC21/slim">

  <leader>01287nam a2200289 i 4500</leader>
  <controlfield tag="001">18927</controlfield>
  <controlfield tag="003">ES-MaACL</controlfield>
  <controlfield tag="005">20250807233241.0</controlfield>
  <controlfield tag="007">t|</controlfield>
  <controlfield tag="008">020410s2001    sp           ||||1| spa d</controlfield>
  <datafield tag="020" ind1=" " ind2=" ">
    <subfield code="a">84-451-2019-0</subfield>
  </datafield>
  <datafield tag="080" ind1=" " ind2=" ">
    <subfield code="a">728.1(4/6-015)(063)</subfield>
  </datafield>
  <datafield tag="111" ind1="2" ind2=" ">
    <subfield code="a">Encuentro en la Arquitectura (</subfield>
    <subfield code="n">4&#xBA;. </subfield>
    <subfield code="d">2000. </subfield>
    <subfield code="c">Madrid)</subfield>
    <subfield code="9">622</subfield>
  </datafield>
  <datafield tag="245" ind1="1" ind2="3">
    <subfield code="a">La casa mediterr&#xE1;nea </subfield>
    <subfield code="b">: IV Encuentro en la Arquitectura, del 5 al 9 de mayo de 2000, Instituto Espa&#xF1;ol de Arquitectura, Universidad de Alcal&#xE1;, Madrid / </subfield>
    <subfield code="c">coordinan y editan Ana Estirado Gorr&#xED;a y Cristina Garc&#xED;a-Rosales ; [organiza] La Mujer Construye.</subfield>
  </datafield>
  <datafield tag="260" ind1=" " ind2=" ">
    <subfield code="a">[Madrid] : </subfield>
    <subfield code="b">Direcci&#xF3;n General de la Mujer, </subfield>
    <subfield code="c">[2001]</subfield>
  </datafield>
  <datafield tag="300" ind1=" " ind2=" ">
    <subfield code="a">243 p. : </subfield>
    <subfield code="b">il. ; </subfield>
    <subfield code="c">22 cm.</subfield>
  </datafield>
  <datafield tag="490" ind1="1" ind2=" ">
    <subfield code="a">Publicaciones/DGM, Direcci&#xF3;n General de la Mujer ; </subfield>
    <subfield code="v">21</subfield>
  </datafield>
  <datafield tag="504" ind1=" " ind2=" ">
    <subfield code="a">Bibliograf&#xED;a.</subfield>
  </datafield>
  <datafield tag="650" ind1="1" ind2="4">
    <subfield code="a">Vivendas-</subfield>
    <subfield code="z">Mediterr&#xE1;neo (Regi&#xF3;n)-</subfield>
    <subfield code="v">Congresos y asambleas.</subfield>
    <subfield code="9">17838</subfield>
  </datafield>
  <datafield tag="700" ind1="1" ind2=" ">
    <subfield code="a">Estirado Gorr&#xED;a, Ana.</subfield>
    <subfield code="9">48178</subfield>
  </datafield>
  <datafield tag="700" ind1="1" ind2=" ">
    <subfield code="a">Garc&#xED;a-Rosales, Cristina.</subfield>
    <subfield code="9">55226</subfield>
  </datafield>
  <datafield tag="710" ind1="2" ind2=" ">
    <subfield code="a">La Mujer Construye (Grupo)</subfield>
    <subfield code="9">5463</subfield>
  </datafield>
  <datafield tag="710" ind1="1" ind2=" ">
    <subfield code="a">Madrid (Comunidad Aut&#xF3;noma). </subfield>
    <subfield code="b">Direcci&#xF3;n General de la Mujer.</subfield>
    <subfield code="9">5615</subfield>
  </datafield>
  <datafield tag="830" ind1="0" ind2="0">
    <subfield code="a">DGM, Direcci&#xF3;n General de la Mujer</subfield>
    <subfield code="v">21</subfield>
    <subfield code="9">228545</subfield>
  </datafield>
  <datafield tag="852" ind1=" " ind2=" ">
    <subfield code="a">ES-MaACL</subfield>
    <subfield code="j">L-25394 </subfield>
    <subfield code="b">R.130415</subfield>
  </datafield>
  <datafield tag="999" ind1=" " ind2=" ">
    <subfield code="c">18927</subfield>
    <subfield code="d">18927</subfield>
  </datafield>
  <datafield tag="952" ind1=" " ind2=" ">
    <subfield code="0">0</subfield>
    <subfield code="1">0</subfield>
    <subfield code="4">0</subfield>
    <subfield code="7">0</subfield>
    <subfield code="a">ATENEOM</subfield>
    <subfield code="b">ATENEOM</subfield>
    <subfield code="c">DEPO2</subfield>
    <subfield code="d">2008-01-17</subfield>
    <subfield code="e">SC</subfield>
    <subfield code="l">0</subfield>
    <subfield code="o">L-25394</subfield>
    <subfield code="p">1019365</subfield>
    <subfield code="r">2023-02-23 00:00:00</subfield>
    <subfield code="w">2023-02-23</subfield>
    <subfield code="y">MONOGRAFIA</subfield>
  </datafield>
</record>
